000 00614nam a22002057a 4500
005 20160729173311.0
010 _aENG-115586
020 _a9789352550128
_c350.00
035 _aEN-99118
037 _bDBAD/PUB
082 _a650
100 _aGupta ,C .D.
245 _aCBDE business studies :
_cby C.D Gupta. [and] S. Mukherjee .
_b[Class XI] /
260 _aNew Delhi
_bNew Central Book Agency
_c2016
270 _a8/1,Chintamoni Das Lane
_bKolkata
_e700009
300 _axxiv,434p.
_c24cm(pbk)
500 _aIncludes index
700 _aMukherjee,C.D.
942 _2ddc
_cEN
_mGUP
_h808.6
999 _c101628
_d101628